[Event "Challenge"]
[Site "http://www.queenalice.com/game.php?id=1136535"]
[Date "2013.1.3"]
[Round "-"]
[White "recchdegomm1"]
[Black "srsaude"]
[Result "1-0"]
[WhiteElo "1215"]
[BlackElo "1354"]

1. e4 c5 2. Nf3 d6 3. Nc3 Nf6 4. e5 dxe5 5. Bc4 Nc6 6. Ng5 e6 7. b3 h6 8. Nge4
Qd4 9. a4 Nxe4 10. O-O Be7 11. Re1 Qxf2+ 12. Kh1 Nxc3 13. Bb2 Nxd1 14. Raxd1 Nb4
15. Bb5+ Bd7 16. Rf1 Qh4 17. g3 1-0

[Event "Challenge"]
[Site "http://www.queenalice.com/game.php?id=1136643"]
[Date "2013.1.3"]
[Round "-"]
[White "srsaude"]
[Black "rodrigochess"]
[Result "0-1"]
[WhiteElo "1372"]
[BlackElo "1318"]

1. e4 e5 2. Nc3 Nf6 3. Bc4 Nc6 4. d3 Be7 5. f4 exf4 6. Bxf4 O-O 7. Nf3 h6 8. h4
d6 9. Qd2 Bd7 10. Rg1 a6 11. a3 Nh5 0-1

[Event "Challenge"]
[Site "http://www.queenalice.com/game.php?id=1148847"]
[Date "2013.2.5"]
[Round "-"]
[White "mizuta"]
[Black "srsaude"]
[Result "0-1"]
[WhiteElo "1340"]
[BlackElo "1353"]

1. e4 c5 2. Bc4 e6 3. e5 d6 4. Nf3 Nc6 5. Qe2 f6 6. exd6 Qxd6 7. d3 a6 8. Nc3 b5
9. Bd5 b4 10. Ne4 Qxd5 11. Bf4 e5 12. Bd2 Nd4 13. Nxd4 Qxd4 14. c3 bxc3 15. bxc3
Qa4 16. O-O Nh6 17. Bxh6 Rb8 18. Bxg7 Bxg7 19. Nxc5 Qc6 20. Qh5+ Ke7 21. Ne4 f5
22. Qh4+ Bf6 23. Nxf6 Qxf6 24. Qc4 Rb7 25. Rae1 Be6 26. Qxa6 Rd7 27. Qa3+ Kf7
28. c4 Rg8 29. Qb2 Qg6 30. Rxe5 Qxg2# 0-1

[Event "Challenge"]
[Site "http://www.queenalice.com/game.php?id=1149697"]
[Date "2013.2.8"]
[Round "-"]
[White "recchdegomm1"]
[Black "srsaude"]
[Result "0-1"]
[WhiteElo "1247"]
[BlackElo "1396"]

1. d4 d5 2. Nc3 Nf6 3. e3 g6 4. Nf3 Bg7 5. b4 Bd7 6. a4 a6 7. Ne5 O-O 8. Rb1 b5
9. Ra1 bxa4 10. Nxa4 Be8 11. g4 Nc6 12. Nxc6 Bxc6 13. g5 Ne4 14. h4 Qd6 15. c3
f6 16. h5 fxg5 17. h6 Bxh6 18. Rxh6 Qf6 19. f3 Ng3 20. Rh3 Nxf1 21. Nc5 g4 22.
fxg4 Qf2# 0-1

[Event "Challenge"]
[Site "http://www.queenalice.com/game.php?id=1150098"]
[Date "2013.2.9"]
[Round "-"]
[White "mizuta"]
[Black "srsaude"]
[Result "1-0"]
[WhiteElo "1366"]
[BlackElo "1368"]

1. e4 c5 2. b3 Nc6 3. Bb2 e5 4. Nf3 f6 5. Nc3 a6 6. d3 Nge7 7. Na4 d6 8. Qd2 Nb4
9. c3 Qa5 10. a3 Bd7 11. cxb4 cxb4 12. axb4 Qc7 13. Rc1 Nc6 14. Be2 a5 15. b5 f5
16. b6 Qc8 17. O-O Be6 18. Rc3 fxe4 19. dxe4 h6 20. Ba3 Qd8 21. Bb5 Bd7 22. Bxd6
Qf6 23. Bxe5 Nxe5 24. Nxe5 Bxb5 25. Qd5 Bxf1 26. Qd7# 1-0

[Event "Challenge"]
[Site "http://www.queenalice.com/game.php?id=1153657"]
[Date "2013.2.20"]
[Round "-"]
[White "srsaude"]
[Black "mizuta"]
[Result "1-0"]
[WhiteElo "1377"]
[BlackElo "1447"]

1. e4 d5 2. exd5 Qxd5 3. Nc3 Qe6+ 4. Nge2 b6 5. d4 c6 6. g3 Ba6 7. Bg2 Nf6 8.
O-O Qf5 9. Bf4 g6 10. d5 c5 11. d6 e5 12. Bxa8 exf4 13. Nxf4 Bxf1 14. Qxf1 Qxc2
15. Qe1+ Kd7 16. Qe5 Ne4 17. Nxe4 Rg8 18. Nf6+ Kc8 19. Nxg8 Kd8 20. Nf6 Nd7 21.
Qe8# 1-0

[Event "Challenge"]
[Site "http://www.queenalice.com/game.php?id=1156056"]
[Date "2013.2.27"]
[Round "-"]
[White "srsaude"]
[Black "mizuta"]
[Result "1-0"]
[WhiteElo "1406"]
[BlackElo "1452"]

1. e4 d5 2. exd5 Qxd5 3. b3 g6 4. Bb2 Nf6 5. Nf3 e6 6. Bc4 Qc5 7. O-O Bg7 8. a4
Nc6 9. c3 Ne4 10. Ba3 Qb6 11. d4 e5 12. Bd5 exd4 13. Qe1 Bf5 14. Nbd2 O-O-O 15.
Nxe4 Rxd5 16. c4 Ra5 17. Nc5 Rxc5 18. Bxc5 Qxc5 19. Ng5 d3 20. Nxf7 Nb4 21. Nxh8
Nc2 22. Qe8# 1-0

[Event "Challenge"]
[Site "http://www.queenalice.com/game.php?id=1156825"]
[Date "2013.3.2"]
[Round "-"]
[White "recchdegomm1"]
[Black "srsaude"]
[Result "0-1"]
[WhiteElo "1254"]
[BlackElo "1424"]

1. d4 f5 2. Nf3 Nf6 3. e3 e6 4. Bd3 b6 5. O-O Bb7 6. Nc3 Na6 7. a4 Ng4 8. h3 Bd6
9. hxg4 fxg4 10. Nh2 Qh4 11. f4 g3 12. Ng4 h5 13. Bg6+ Kd8 14. Ne5 Qh2# 0-1

[Event "Challenge"]
[Site "http://www.queenalice.com/game.php?id=1157829"]
[Date "2013.3.5"]
[Round "-"]
[White "recchdegomm1"]
[Black "srsaude"]
[Result "0-1"]
[WhiteElo "1245"]
[BlackElo "1444"]

1. d4 f5 2. Nf3 Nf6 3. e3 e6 4. Bd3 b6 5. b3 Bb7 6. O-O Bd6 7. Nc3 Bxf3 8. Qxf3
Ng4 9. Qxa8 Qh4 10. g3 Qxh2# 0-1

[Event "Challenge"]
[Site "http://www.queenalice.com/game.php?id=1158926"]
[Date "2013.3.7"]
[Round "-"]
[White "zmanomega"]
[Black "srsaude"]
[Result "1-0"]
[WhiteElo "1601"]
[BlackElo "1445"]

1. d4 f5 2. Bf4 Nf6 3. e3 b6 4. Bd3 e6 5. Be5 Na6 6. Qe2 Bb7 7. f3 Nb4 8. c3
Nxd3+ 9. Qxd3 Nd5 10. e4 d6 11. exd5 dxe5 12. dxe5 exd5 13. Qxf5 d4 14. c4 d3
15. Nd2 Qd4 16. O-O-O Rd8 17. Nh3 Bb4 18. e6 Rf8 19. Qxh7 Bxd2+ 20. Rxd2 Qxc4+
21. Kb1 Qb4 22. Qh5+ Ke7 23. Qg5+ Ke8 24. e7 Rd5 25. Qxg7 Qxe7 26. Qg6+ Kd8 27.
Rxd3 Rf6 28. Qg8+ Qe8 29. Rxd5+ Bxd5 30. Qxd5+ Qd7 31. Qa8+ Ke7 32. Re1+ Kd6 33.
Rd1+ Ke7 34. Rxd7+ Kxd7 35. Qxa7 Re6 36. Qa4+ c6 37. Qg4 Kd6 38. Qd4+ Ke7 39.
Qh4+ Kd6 40. Qd8+ Kc5 41. Qd1 b5 42. Qc1+ Kb6 43. b4 Re2 44. Qc5+ Kc7 45. Qa7+
Kd6 46. Qc5+ Kc7 47. Qc1 Rxg2 48. f4 Rxh2 49. Ng5 Rf2 50. Ne6+ Kd6 51. Qc5+ Kxe6
52. Qxf2 Kf6 53. Qe3 Kf7 54. Qe5 Kg6 55. Qg5+ Kf7 56. Qe5 Kg6 57. f5+ Kf7 58. f6
Kg6 59. Qe6 c5 60. bxc5 b4 61. f7+ 1-0

[Event "Challenge"]
[Site "http://www.queenalice.com/game.php?id=1159237"]
[Date "2013.3.8"]
[Round "-"]
[White "recchdegomm1"]
[Black "srsaude"]
[Result "0-1"]
[WhiteElo "1253"]
[BlackElo "1452"]

1. e4 c5 2. Nf3 Nc6 3. Bc4 e6 4. O-O a6 5. d3 b5 6. Bb3 Nf6 7. a4 Qc7 8. axb5
Ng4 9. g3 Nce5 10. d4 Nxf3+ 11. Qxf3 h5 12. h3 Nf6 13. Be3 c4 14. e5 cxb3 15.
Qxa8 bxc2 16. Nd2 Bb4 17. exf6 gxf6 18. Ra4 c1=Q 19. Rxb4 Qxf1+ 20. Kh2 Qb7 21.
Nxf1 Qxa8 22. Nd2 Qd5 23. bxa6 Bxa6 24. Rb8+ Ke7 25. Rxh8 Bb7 26. Bh6 Qg2# 0-1

[Event "Challenge"]
[Site "http://www.queenalice.com/game.php?id=1164777"]
[Date "2013.3.26"]
[Round "-"]
[White "mizuta"]
[Black "srsaude"]
[Result "1-0"]
[WhiteElo "1375"]
[BlackElo "1460"]

1. e4 e5 2. Nf3 Nc6 3. b3 g6 4. Bb2 Bg7 5. Bc4 Nge7 6. Ng5 d5 7. Qf3 O-O 8. exd5
Nd4 9. Qe4 Bf5 10. Qh4 Bxc2 11. Qxh7# 1-0

[Event "Challenge"]
[Site "http://www.queenalice.com/game.php?id=1164778"]
[Date "2013.3.26"]
[Round "-"]
[White "srsaude"]
[Black "mizuta"]
[Result "1-0"]
[WhiteElo "1441"]
[BlackElo "1394"]

1. e4 d5 2. exd5 Qxd5 3. Nc3 Qe6+ 4. Nge2 Qf6 5. d4 e6 6. Bf4 c6 7. g3 b6 8. Bg2
Ba6 9. O-O g5 10. Be5 Qf5 11. Bxh8 c5 12. Bxa8 cxd4 13. Qxd4 Qxc2 14. Rad1 Be7
15. Qe5 Bc5 16. Qxb8+ Ke7 17. Qd8# 1-0

[Event "Challenge"]
[Site "http://www.queenalice.com/game.php?id=1165933"]
[Date "2013.3.29"]
[Round "-"]
[White "recchdegomm1"]
[Black "srsaude"]
[Result "0-1"]
[WhiteElo "1257"]
[BlackElo "1455"]

1. e4 c5 2. Nc3 Nc6 3. Bc4 e6 4. Nf3 a6 5. O-O b5 6. a4 bxc4 7. Qe2 Nd4 8. Qd1
Nf6 9. e5 Nh5 10. a5 d6 11. Ra4 Bb7 12. Re1 Nxf3+ 13. gxf3 Qg5+ 14. Kf1 Nf4 15.
d4 Qg2# 0-1

[Event "Challenge"]
[Site "http://www.queenalice.com/game.php?id=1169716"]
[Date "2013.4.9"]
[Round "-"]
[White "srsaude"]
[Black "mizuta"]
[Result "0-1"]
[WhiteElo "1463"]
[BlackElo "1422"]

1. d4 d5 2. Nc3 Nf6 3. Nf3 e6 4. Bf4 Bd6 5. e3 O-O 6. Bd3 b6 7. Ng5 h6 8. Nh7
Nxh7 9. Bxh7+ Kxh7 10. h4 Bb7 11. Qg4 Qf6 12. Nb5 Na6 13. Nxd6 cxd6 14. Bxd6
Rfd8 15. Be5 Qg6 16. Qg3 f6 17. Bf4 Nb4 18. h5 Qxc2 19. Qg6+ Kh8 20. Rh3 Nd3+
21. Kf1 Qxf2# 0-1

[Event "Challenge"]
[Site "http://www.queenalice.com/game.php?id=1173756"]
[Date "2013.4.21"]
[Round "-"]
[White "dejami"]
[Black "srsaude"]
[Result "1-0"]
[WhiteElo "1596"]
[BlackElo "1413"]

1. e4 e5 2. Qf3 Nf6 3. Qc3 Nc6 4. f3 d5 5. d3 Bb4 6. Qxb4 Nxb4 7. Kd1 Nh5 8. a3
Nc6 9. Nc3 d4 10. Nce2 Na5 11. Bd2 1-0